Tribhuvan University Central Library

Challenges in mountain resources management in Nepal, processes, trends, land dynamics in middle mountain watersheds; proceedings of... (Record no. 10928)

MARC details
000 -LEADER
fixed length control field 010840000a22003370004500
082 ## - DEWEY DECIMAL CLASSIFICATION NUMBER
Classification number 333.9
Item number W892p
-- NC
020 ## - INTERNATIONAL STANDARD BOOK NUMBER
International Standard Book Number 92-9115-449
041 ## - LANGUAGE CODE
Language code of text/sound track or separate title Eng
111 ## - MAIN ENTRY--MEETING NAME
Meeting name or jurisdiction name as entry element Workshop on Challenges in Mountain Resources Management in Nepal, Processes, Trends, Land Dynamics in Middle Mountain Watersheds, Nepal, Kathmandu, Apr. 10-12, 1995
100 ## - MAIN ENTRY--PERSONAL NAME
Personal name Schreier, H. ed.
245 ## - TITLE STATEMENT
Title Challenges in mountain resources management in Nepal, processes, trends, land dynamics in middle mountain watersheds; proceedings of...
260 ## - PUBLICATION, DISTRIBUTION, ETC. (IMPRINT)
Place of publication, distribution, etc Kathmandu
Name of publisher, distributor, etc ICIMOD, Nepal
260 ## - PUBLICATION, DISTRIBUTION, ETC. (IMPRINT)
Date of publication, distribution, etc 1995
300 ## - PHYSICAL DESCRIPTION
Extent vi,263p.
500 ## - GENERAL NOTE
General note Bibliography at the end of each chapter/sponsored by the IDRC
518 ## - DATE/TIME AND PLACE OF AN EVENT NOTE
Date/time and place of an event note 970113
530 ## - ADDITIONAL PHYSICAL FORM AVAILABLE NOTE
Additional physical form available note Rep
650 ## - SUBJECT ADDED ENTRY--TOPICAL TERM
Topical term or geographic name as entry element Natural resources
650 ## - SUBJECT ADDED ENTRY--TOPICAL TERM
Topical term or geographic name as entry element Resources management
650 ## - SUBJECT ADDED ENTRY--TOPICAL TERM
Topical term or geographic name as entry element Mountains
650 ## - SUBJECT ADDED ENTRY--TOPICAL TERM
Topical term or geographic name as entry element Watershed
650 ## - SUBJECT ADDED ENTRY--TOPICAL TERM
Topical term or geographic name as entry element Soils
650 ## - SUBJECT ADDED ENTRY--TOPICAL TERM
Topical term or geographic name as entry element Agricultural production
650 ## - SUBJECT ADDED ENTRY--TOPICAL TERM
Topical term or geographic name as entry element Community forestry
650 ## - SUBJECT ADDED ENTRY--TOPICAL TERM
Topical term or geographic name as entry element Farmers
650 ## - SUBJECT ADDED ENTRY--TOPICAL TERM
Topical term or geographic name as entry element Women
650 ## - SUBJECT ADDED ENTRY--TOPICAL TERM
Topical term or geographic name as entry element Deforestation
651 ## - SUBJECT ADDED ENTRY--GEOGRAPHIC NAME
Geographic name Nepal
650 ## - SUBJECT ADDED ENTRY--TOPICAL TERM
Topical term or geographic name as entry element Kulekhani watershed
942 ## - ADDED ENTRY ELEMENTS (KOHA)
Koha item type General Collections
Holdings
Withdrawn status Lost status Damaged status Not for loan Home library Current library Date acquired Total Checkouts Barcode Date last seen Price effective from Source of classification or shelving scheme Full call number Koha item type
        Tribhuvan University Central Library Tribhuvan University Central Library 06/20/2010   G43786N 06/20/2010 06/20/2010      
        Tribhuvan University Central Library Tribhuvan University Central Library 06/20/2010   G43787N 06/20/2010 06/20/2010      
        Tribhuvan University Central Library Tribhuvan University Central Library 02/03/2011   G59499 02/03/2011 02/03/2011 Dewey Decimal Classification 333.9 W892p General Collections